| 000 | 00574nam a2200217 4500 | ||
|---|---|---|---|
| 003 | DO-SdBNP | ||
| 005 | 20220428123850.0 | ||
| 008 | 180308s1994 nyu | ||
| 040 |
_aBPMSU _bspa _cBPMSU |
||
| 041 | 1 | 7 | _aeng |
| 082 |
_a813 _bB636s 1983 _222 |
||
| 100 | 1 |
_aBlake, Jennifer _d1942- _c |
|
| 245 | 0 | 0 |
_aShameless / _cJennifer Blake. _n _p _h _b |
| 260 |
_aNew York : _bFawcett Columbine, _c1994 |
||
| 300 |
_a283 p. ; _c22 cm. |
||
| 590 | _6Inventariado, 2022/VM | ||
| 650 | 4 | _aNovela estadounidense. | |
| 650 | 4 | _aHistoria de amor | |
| 910 | _aVMateo V | ||
| 942 |
_cBK _2ddc |
||
| 999 |
_c14175 _d14175 |
||